000 00778nam a2200289 i 4500
001 bgj
100 1 _aBRONTE, Emily
_d(1818-1848)
245 1 0 _aWuthering Heights /
_cEmily Bronte.
260 _aLondon :
_bPenguin Books,
_c1994.
300 _a279 pp ;
_c19 cm.
490 1 _aPenguin Popular Classic ;
_v25
650 9 _aTriangles |(Interpersonal relations)
650 9 _aRejection |(Psychology)
650 9 _aRural families
650 9 _aFoundlings
650 9 _aPsychological fiction
650 9 _aDomestic fiction
650 9 _aLove stories
655 _aFiction
830 _aPenguin Popular Classic ;
020 _a0140620125
040 _cBPK
041 0 _aeng
920 _a0-14-062012-5
942 _cKS
008 s uk f |000 0 eng
999 _c49099
_d49099
856 _uhttp://koha.tu.koszalin.pl/cgi-bin/koha/opac-detail.pl?biblionumber=49099
_yKatalog online BPK